Films by Martin Scorsese with Robert De Niro - Statistics

General Stats
  • This quiz has been taken 133 times
  • The average score is 8 of 10
Answer Stats
Year Film % Correct
1976 Taxi Driver
94%
1990 Goodfellas
92%
2019 The Irishman
91%
1995 Casino
86%
1980 Raging Bull
84%
2023 Killers of the Flower Moon
74%
1973 Mean Streets
68%
1991 Cape Fear
65%
1983 The King of Comedy
63%
1977 New York, New York
46%
No matching quizzes found
Score Distribution
Percent of People with Each Score
Percentile by Number Answered
Your Score History
You have not taken this quiz